[Event "XXVI Olimpiadi"]
[Site "Salonicco GRE"]
[Date "1984.11.21"]
[Round "3.2"]
[White "Nunn, John Denis Martin"]
[Black "Cocozza, Mario"]
[Result "1-0"]
[WhiteElo "2575"]
[BlackElo "2365"]
[Annotator "ITA-ENG"]
[PlyCount "62"]
[EventDate "1984.11.19"]

1. e4 c6 2. d4 d5 3. e5 Bf5 4. Nc3 e6 5. g4 Bg6 6. Nge2 c5 7. h4 f6 8. Nf4 Bf7
9. exf6 cxd4 10. Qxd4 gxf6 11. Qa4+ Nc6 12. Be3 Bd6 13. O-O-O Nge7 14. g5 f5
15. Be2 a6 16. Ncxd5 exd5 17. Nh5 b5 18. Qb3 Be5 19. Nf6+ Kf8 20. Bh5 Bxh5 21.
Nxh5 Na5 22. Qd3 Nc4 23. Bd4 Qd6 24. Rhe1 Bxd4 25. Qxd4 Rg8 26. b3 Nb6 27. Nf4
Rc8 28. Re6 Qa3+ 29. Kb1 Rc6 30. Rxc6 Nxc6 31. Qf6+ Ke8 1-0